| 000 | 01074naa a22002897a 4500 | ||
|---|---|---|---|
| 001 | BR9605589 | ||
| 003 | BR-BrBNA | ||
| 005 | 20240918181710.0 | ||
| 007 | ta | ||
| 008 | 230509b bl.||||| |||| 00| 0 por d | ||
| 040 |
_aBR-BrBNA _bpor _cBiblioteca Nacional de Agricultura |
||
| 041 | _a(Pt) | ||
| 072 |
_aF01 _b2120 |
||
| 090 | _aF01 BR9605589 | ||
| 100 | 1 | _aMatiello, J.B. | |
| 100 | 1 | _aSouza, D.D. de | |
| 100 | 1 | _aAssumpcao, J.M. | |
| 100 | 1 | _aAviles, D.P. | |
| 111 | 1 |
_a12. Congresso Brasileiro de Pesquisas Cafeeiras _cCaxambu, MG (Brazil) _d28-31 Oct 1985 |
|
| 245 | 1 | _aAnalise do ciclo bienal de producao do cafeeiro | |
| 260 | 3 |
_aRio de Janeiro, RJ (Brasil): _c1985. |
|
| 500 | _a12. Congresso Brasileiro de Pesquisas Cafeeiras. Trabalhos apresentados Rio de Janeiro, RJ (Brasil): 1985. p. 217-219 (BR9605589-AM)F01 | ||
| 650 | _aCafe | ||
| 773 | 0 |
_t12. Congresso Brasileiro de Pesquisas Cafeeiras. Trabalhos apresentados _wF01 BR9605589 _gRio de Janeiro, RJ (Brasil), 1985. p. 217-219 |
|
| 909 |
_a202404 _bLucia _c55 _dLucia Elande |
||
| 942 |
_cAM _2AGRIS |
||
| 999 |
_c326464 _d326464 |
||